| 000 | 01183nam a2200337 i 4500 | ||
|---|---|---|---|
| 003 | DO-SdBNP | ||
| 005 | 20230512115029.0 | ||
| 007 | ta | ||
| 008 | 230330b1957 ag a|||| |||| 00| 0 spa d | ||
| 040 |
_aDO-SdBNP _bspa _cBNPHU _erda |
||
| 082 | 4 |
_a861.3 _bC419don, 1954 _222 |
|
| 100 | 1 |
_aCimorra, Clemente, _983226 |
|
| 245 | 0 | 0 |
_aDon Quijote / _cversión Clemente Cimorra ; ilustraciones Gustavo Doré |
| 250 | _a7a. ed. | ||
| 264 |
_aBuenos Aires, Argentina : _bAtlantida, S:A, _c1954. |
||
| 300 |
_a141 páginas ; _c18 cm. |
||
| 336 |
_2rdacontent _atexto _btxt |
||
| 337 |
_2rdamedia _asin mediación _bn |
||
| 338 |
_2rdacarrier _avolumen _bnc |
||
| 490 | 1 | _aBiblioteca Billiken | |
| 490 | 1 | _aRoja | |
| 500 | _aCutter asignado por Cervantes para reunir la colección en la estante. | ||
| 590 | _aInventariado, 2023/BT | ||
| 650 | 4 |
_aNovela española _91123 |
|
| 650 | 4 |
_aLiteratura española _9632 |
|
| 700 | 1 |
_aCervantes Saavedra, Miguel de _983226 _d1547-1616. _tDon Quijote de la Mancha |
|
| 700 | 1 |
_aDoré, Gustavo, _eilustraciones _937950 |
|
| 830 | 0 |
_aBiblioteka Billiken _942146 _pRoja |
|
| 910 | _aBtavárez/Validado. Control de calidad MFF | ||
| 942 |
_2ddc _cLBS1 |
||
| 999 |
_c53199 _d53199 |
||